000 01091nam a22002297a 4500
999 _c22237
_d22237
003 AR-CdUCM
008 190425b ||||| |||| 00| 0 spa d
040 _aMUNICIPALIDAD PROVINCIAL DEL CUSCO
_cBIBLIOTECA MUNICIPAL DEL CUSCO
082 _aCaneño/N°8/2012
245 _aRevista el caneño :
_bde información, análisis, investigación y Filosofía /
_cHenry Paredes Catunta, Director
260 _aCusco.
_bEl poeta,
_c2012.
300 _a11 páginas. :
_bilustraciones ;
_c29 cm.
440 _aRevista el caneño.
_nAño 2, N°8, noviembre 2012.
_947722
505 _aContenido: Canas verdadera cuna de la emancipación Americana. -- Ch´iaraje esencia de la gesta emancipadora. -- Q´eswachaca es declarado de prioridad regional. -- Festival de Chaka Raymi en el distrito de Langui. -- En Wanqoraqay se dio el primer estallido de la gesta libertadora americana.
650 _aEducación
_9460
650 _aFolklore
_947716
650 _aCultura andina
_947723
650 _aProvincia de Canas
_947724
700 _aParedes Catunta, Henry
_918099
942 _2ddc
_cPP
945 _arac